[Event "17. Obert Int. Sant Marti 2015 - B"]
[Site "Barcelona ESP"]
[Date "2015.07.14"]
[Round "2.42"]
[White "Borja Casas, Jordi"]
[Black "Corominas Garrido, Antoni"]
[Result "0-1"]
[WhiteElo "1764"]
[BlackElo "2011"]
[PlyCount "64"]
[EventDate "2015.07.13"]
[EventType "swiss"]
[EventRounds "9"]
[EventCountry "ESP"]
[SourceTitle "Ajedrez en Madrid"]
[Source "lmi"]
[SourceDate "2015.07.13"]
[SourceVersion "1"]
[SourceVersionDate "2019.06.21"]
[SourceQuality "1"]

1. e4 c6 2. d4 d5 3. e5 Bf5 4. Bd3 Bxd3 5. Qxd3 e6 6. Nf3 c5 7. c3 Qb6 8. a3
Nc6 9. b4 cxd4 10. Nxd4 Nxe5 11. Qe3 Nc4 12. Qe2 Nf6 13. O-O Be7 14. Bf4 O-O
15. Nd2 Rac8 16. a4 Nxd2 17. Qxd2 Ne4 18. Qe3 Rxc3 19. Qe1 Qxd4 20. Be3 Qc4 21.
Bxa7 Bxb4 22. Be3 Bc5 23. Bf4 Rc2 24. Be3 Bxe3 25. Qxe3 Qc5 26. Qe1 Nd2 27. a5
Nxf1 28. Qxf1 Rc8 29. g3 Rc1 30. Rxc1 Qxc1 31. Qxc1 Rxc1+ 32. Kg2 Ra1 0-1

[Event "17. Obert Int. Sant Marti 2015 - B"]
[Site "Barcelona ESP"]
[Date "2015.07.14"]
[Round "2.43"]
[White "Catala Ulied, Bernat"]
[Black "Palomero Galvez, Antoni"]
[Result "1-0"]
[WhiteElo "1977"]
[BlackElo "1762"]
[PlyCount "91"]
[EventDate "2015.07.13"]
[EventType "swiss"]
[EventRounds "9"]
[EventCountry "ESP"]
[SourceTitle "Ajedrez en Madrid"]
[Source "lmi"]
[SourceDate "2015.07.13"]
[SourceVersion "1"]
[SourceVersionDate "2019.06.21"]
[SourceQuality "1"]

1. c4 b6 2. d4 Bb7 3. Nc3 e6 4. a3 Nf6 5. d5 Be7 6. e4 exd5 7. cxd5 d6 8. Nf3
Nbd7 9. b4 a5 10. bxa5 Rxa5 11. Be3 O-O 12. Be2 Nc5 13. Qc2 Ng4 14. Bd2 Bf6 15.
O-O Re8 16. h3 Ne5 17. Nd4 Ng6 18. Nb3 Nxb3 19. Qxb3 Ba6 20. Bxa6 Rxa6 21. Rfe1
Be5 22. Rac1 Qa8 23. Nb5 Rc8 24. Nxc7 Rxc7 25. Rxc7 Rxa3 26. Qxb6 Nf8 27. Rec1
Ra1 28. Rc8 Rxc1+ 29. Rxc1 g6 30. Qc6 Qa2 31. Qc2 Qa6 32. Bc3 Bf4 33. Ra1 Qc4
34. Ra4 Qc7 35. Qb2 h5 36. Ra8 Bh6 37. Ra6 Qc4 38. Rxd6 Qxe4 39. g3 h4 40. Qb4
Qxb4 41. Bxb4 hxg3 42. fxg3 Be3+ 43. Kg2 Bd4 44. Rd8 Bg7 45. d6 f5 46. d7 1-0

[Event "17. Obert Int. Sant Marti 2015 - B"]
[Site "Barcelona ESP"]
[Date "2015.07.14"]
[Round "2.44"]
[White "Buisan Arnau, Oriol"]
[Black "Roche Peris, Eduard"]
[Result "0-1"]
[WhiteElo "1756"]
[BlackElo "1958"]
[PlyCount "38"]
[EventDate "2015.07.13"]
[EventType "swiss"]
[EventRounds "9"]
[EventCountry "ESP"]
[SourceTitle "Ajedrez en Madrid"]
[Source "lmi"]
[SourceDate "2015.07.13"]
[SourceVersion "1"]
[SourceVersionDate "2019.06.21"]
[SourceQuality "1"]

1. e4 c5 2. Nf3 Nc6 3. d4 cxd4 4. Nxd4 Nf6 5. Nc3 e6 6. a3 Be7 7. Be3 a6 8. Bd3
O-O 9. O-O d5 10. Nxc6 bxc6 11. e5 Nd7 12. f4 c5 13. Qh5 g6 14. Qh6 f5 15. Bd2
c4 16. Rf3 cxd3 17. Rh3 Rf7 18. Nxd5 Bc5+ 19. Kh1 Bf8 0-1

[Event "17. Obert Int. Sant Marti 2015 - B"]
[Site "Barcelona ESP"]
[Date "2015.07.14"]
[Round "2.46"]
[White "Martin Valentin, Manuel"]
[Black "Poyato Duran, David"]
[Result "0-1"]
[WhiteElo "1750"]
[BlackElo "1931"]
[PlyCount "66"]
[EventDate "2015.07.13"]
[EventType "swiss"]
[EventRounds "9"]
[EventCountry "ESP"]
[SourceTitle "Ajedrez en Madrid"]
[Source "lmi"]
[SourceDate "2015.07.13"]
[SourceVersion "1"]
[SourceVersionDate "2019.06.21"]
[SourceQuality "1"]

1. e4 e5 2. Nf3 Nc6 3. Bc4 Bc5 4. O-O d6 5. c3 Bg4 6. d3 h6 7. Be3 Bb6 8. Nbd2
Nf6 9. h3 Bh5 10. Qc2 O-O 11. Rfe1 Na5 12. Bxb6 axb6 13. g4 Nxc4 14. dxc4 Bg6
15. Kh2 Qd7 16. Rg1 Qc6 17. Rge1 Kh7 18. Nh4 Qc5 19. Kg2 Rae8 20. f3 Kh8 21. b3
h5 22. g5 Nh7 23. Nxg6+ fxg6 24. h4 Rf4 25. Rh1 Ref8 26. Qd3 R8f7 27. b4 Qc6
28. b5 Qc5 29. a4 Rg4+ 30. Kh3 Qf2 31. fxg4 hxg4+ 32. Kxg4 Qg2+ 33. Qg3 Rf4#
0-1

[Event "17. Obert Int. Sant Marti 2015 - B"]
[Site "Barcelona ESP"]
[Date "2015.07.14"]
[Round "2.47"]
[White "Escofet Llongueras, Joan"]
[Black "Cassi Gimeno, Jordi"]
[Result "1-0"]
[WhiteElo "1921"]
[BlackElo "1747"]
[PlyCount "47"]
[EventDate "2015.07.13"]
[EventType "swiss"]
[EventRounds "9"]
[EventCountry "ESP"]
[SourceTitle "Ajedrez en Madrid"]
[Source "lmi"]
[SourceDate "2015.07.13"]
[SourceVersion "1"]
[SourceVersionDate "2019.06.21"]
[SourceQuality "1"]

1. c4 e5 2. Nc3 Nc6 3. g3 f5 4. Bg2 Nf6 5. e4 d6 6. Nge2 g6 7. d4 exd4 8. Nxd4
Nxd4 9. Qxd4 h6 10. O-O Be7 11. Nd5 O-O 12. Bxh6 Rf7 13. Nxe7+ Qxe7 14. exf5
gxf5 15. Rae1 Qd7 16. Bg5 Nh7 17. Bd2 c6 18. Bc3 Rf6 19. Re3 Qf7 20. Rfe1 Qg6
21. Re8+ Kg7 22. R1e7+ Kh6 23. Qh4+ Qh5 24. Rxh7+ 1-0

[Event "17. Obert Int. Sant Marti 2015 - B"]
[Site "Barcelona ESP"]
[Date "2015.07.14"]
[Round "2.48"]
[White "Mañosas Vila, Ester"]
[Black "Molina Tabernero, Jordi"]
[Result "1-0"]
[WhiteElo "1895"]
[BlackElo "1729"]
[PlyCount "75"]
[EventDate "2015.07.13"]
[EventType "swiss"]
[EventRounds "9"]
[EventCountry "ESP"]
[SourceTitle "Ajedrez en Madrid"]
[Source "lmi"]
[SourceDate "2015.07.13"]
[SourceVersion "1"]
[SourceVersionDate "2019.06.21"]
[SourceQuality "1"]

1. e4 d5 2. exd5 Qxd5 3. Nc3 Qa5 4. Bc4 Nf6 5. d4 c6 6. Bd2 Qc7 7. Nf3 Bg4 8.
O-O e6 9. Re1 Bd6 10. h3 Bh5 11. Ne4 Nxe4 12. Rxe4 Nd7 13. a3 Nf6 14. Re1 a5
15. Bc3 O-O-O 16. b4 b5 17. Bd3 a4 18. Bd2 h6 19. c4 bxc4 20. Bxc4 g5 21. g4
Nxg4 22. hxg4 Bxg4 23. Bb5 Bh2+ 24. Kg2 Rxd4 25. Rc1 Rd6 26. Qxa4 Bxf3+ 27.
Kxf3 g4+ 28. Kg2 Kd7 29. Rxc6 Rxc6 30. Bxc6+ Ke7 31. b5 g3 32. Bb4+ Kf6 33.
Bc3+ Ke7 34. Qb4+ Kd8 35. Rd1+ Kc8 36. Bxh8 Qb6 37. Qf8+ Kc7 38. Rd7# 1-0

[Event "17. Obert Int. Sant Marti 2015 - B"]
[Site "Barcelona ESP"]
[Date "2015.07.14"]
[Round "2.49"]
[White "Cassi De La Viuda, Àlex"]
[Black "Romero Funieles, Rafael De Jesus"]
[Result "0-1"]
[WhiteElo "1727"]
[BlackElo "1893"]
[PlyCount "36"]
[EventDate "2015.07.13"]
[EventType "swiss"]
[EventRounds "9"]
[EventCountry "ESP"]
[SourceTitle "Ajedrez en Madrid"]
[Source "lmi"]
[SourceDate "2015.07.13"]
[SourceVersion "1"]
[SourceVersionDate "2019.06.21"]
[SourceQuality "1"]

1. e4 e6 2. d4 Be7 3. Nf3 d6 4. Bd3 h6 5. Nc3 a6 6. O-O Nd7 7. Re1 e5 8. dxe5
dxe5 9. Bc4 Ngf6 10. Be3 Bd6 11. Nd2 Nc5 12. Bxc5 Bxc5 13. Nd5 Ng4 14. Rf1 c6
15. Nc3 O-O 16. Qf3 Qxd2 17. Rad1 Qf4 18. Qd3 Qxh2# 0-1

[Event "17. Obert Int. Sant Marti 2015 - B"]
[Site "Barcelona ESP"]
[Date "2015.07.14"]
[Round "2.50"]
[White "Villa Cardenas, Jorge"]
[Black "Gracia Vila, Frederic"]
[Result "1-0"]
[WhiteElo "1892"]
[BlackElo "1727"]
[PlyCount "43"]
[EventDate "2015.07.13"]
[EventType "swiss"]
[EventRounds "9"]
[EventCountry "ESP"]
[SourceTitle "Ajedrez en Madrid"]
[Source "lmi"]
[SourceDate "2015.07.13"]
[SourceVersion "1"]
[SourceVersionDate "2019.06.21"]
[SourceQuality "1"]

1. e4 d5 2. exd5 Nf6 3. Nf3 c6 4. dxc6 Nxc6 5. d4 Bg4 6. c3 g6 7. Bc4 Qb6 8.
Nbd2 Rd8 9. h3 Bf5 10. O-O Bc8 11. Qe2 Bg7 12. b3 O-O 13. Rb1 Qc7 14. Re1 Nd5
15. Bxd5 Rxd5 16. Ne4 Rh5 17. Ng3 Ra5 18. Bg5 f6 19. Be3 e5 20. Qc4+ Kh8 21. b4
Bf5 22. Nxf5 1-0

[Event "17. Obert Int. Sant Marti 2015 - B"]
[Site "Barcelona ESP"]
[Date "2015.07.14"]
[Round "2.51"]
[White "Trabado Nieto, David"]
[Black "Calbet Freixanet, Eduard"]
[Result "0-1"]
[WhiteElo "1722"]
[BlackElo "1890"]
[PlyCount "38"]
[EventDate "2015.07.13"]
[EventType "swiss"]
[EventRounds "9"]
[EventCountry "ESP"]
[SourceTitle "Ajedrez en Madrid"]
[Source "lmi"]
[SourceDate "2015.07.13"]
[SourceVersion "1"]
[SourceVersionDate "2019.06.21"]
[SourceQuality "1"]

1. d4 Nf6 2. c4 e5 3. dxe5 Ng4 4. Bf4 Nc6 5. Nf3 Bb4+ 6. Nc3 Bxc3+ 7. bxc3 O-O
8. Ng5 Ngxe5 9. Bxe5 Nxe5 10. Qd5 Qxg5 11. h4 Qf6 12. Qe4 Ng4 13. Qxg4 Qxc3+
14. Kd1 Qxa1+ 15. Kd2 Qxa2+ 16. Ke1 d5 17. h5 Bxg4 18. Rh4 Qc2 19. h6 Qc1# 0-1

[Event "17. Obert Int. Sant Marti 2015 - B"]
[Site "Barcelona ESP"]
[Date "2015.07.14"]
[Round "2.52"]
[White "Muñoz Jordan, Carlos"]
[Black "Ferrer Ache, Jesus"]
[Result "0-1"]
[WhiteElo "1889"]
[BlackElo "1723"]
[PlyCount "62"]
[EventDate "2015.07.13"]
[EventType "swiss"]
[EventRounds "9"]
[EventCountry "ESP"]
[SourceTitle "Ajedrez en Madrid"]
[Source "lmi"]
[SourceDate "2015.07.13"]
[SourceVersion "1"]
[SourceVersionDate "2019.06.21"]
[SourceQuality "1"]

1. e4 e5 2. Nf3 Nc6 3. Bb5 d6 4. Bxc6+ bxc6 5. O-O Bg4 6. d3 Qd7 7. Be3 c5 8.
Nbd2 Be7 9. Re1 a5 10. c3 Nf6 11. h3 Be6 12. Ng5 h6 13. Nxe6 fxe6 14. Qf3 O-O
15. Rad1 Qe8 16. Qg3 Kh7 17. f3 Nh5 18. Qh2 Bh4 19. Bf2 Bxf2+ 20. Kxf2 Nf4 21.
Nf1 Qb5 22. c4 Qxb2+ 23. Rd2 Qd4+ 24. Re3 Rab8 25. g3 Rb2 26. gxf4 Rxd2+ 27.
Nxd2 exf4 28. Nf1 fxe3+ 29. Nxe3 Qb2+ 30. Kg3 Qxh2+ 31. Kxh2 Rxf3 0-1

[Event "17. Obert Int. Sant Marti 2015 - B"]
[Site "Barcelona ESP"]
[Date "2015.07.14"]
[Round "2.53"]
[White "Marcelo, Diego Luis"]
[Black "Nin Serres, Pere"]
[Result "0-1"]
[WhiteElo "1718"]
[BlackElo "1877"]
[PlyCount "82"]
[EventDate "2015.07.13"]
[EventType "swiss"]
[EventRounds "9"]
[EventCountry "ESP"]
[SourceTitle "Ajedrez en Madrid"]
[Source "lmi"]
[SourceDate "2015.07.13"]
[SourceVersion "1"]
[SourceVersionDate "2019.06.21"]
[SourceQuality "1"]

1. e4 e6 2. Nc3 d5 3. Nf3 Nf6 4. exd5 Nxd5 5. Nxd5 Qxd5 6. d4 Bd6 7. Bd3 Nc6 8.
c4 Bb4+ 9. Bd2 Bxd2+ 10. Qxd2 Qd8 11. Qf4 O-O 12. Bxh7+ Kxh7 13. Ng5+ Kg6 14.
h4 Qxd4 15. h5+ Kh6 16. Nxf7+ Kh7 17. Qg5 Rxf7 18. Qg6+ Kg8 19. h6 Qxf2+ 20.
Kd1 Nd4 21. hxg7 Rxg7 22. Qe8+ Qf8 23. Rh8+ Kxh8 24. Qxf8+ Kh7 25. Qf4 Nf5 26.
g4 Rxg4 27. Qxc7+ Rg7 28. Qf4 Rg1+ 29. Kc2 Rxa1 30. Qh2+ Kg6 31. Qg2+ Kf7 32.
Kb3 Re1 33. Qh2 Re3+ 34. Kb4 Rg3 35. Qh7+ Rg7 36. Qh5+ Ke7 37. Qh2 a5+ 38. Kc5
Bd7 39. Kb6 Bc6 40. Qc7+ Kf6 41. Qe5+ Kxe5 0-1

[Event "17. Obert Int. Sant Marti 2015 - B"]
[Site "Barcelona ESP"]
[Date "2015.07.14"]
[Round "2.54"]
[White "Varela Cuadrado, Cesar"]
[Black "Olleta Tanya, Jordi"]
[Result "1-0"]
[WhiteElo "1876"]
[BlackElo "1720"]
[PlyCount "83"]
[EventDate "2015.07.13"]
[EventType "swiss"]
[EventRounds "9"]
[EventCountry "ESP"]
[SourceTitle "Ajedrez en Madrid"]
[Source "lmi"]
[SourceDate "2015.07.13"]
[SourceVersion "1"]
[SourceVersionDate "2019.06.21"]
[SourceQuality "1"]

1. e4 e6 2. d4 d5 3. Nc3 Bb4 4. e5 h6 5. a3 Be7 6. Qg4 g6 7. h4 h5 8. Qg3 Nh6
9. Bd3 Nf5 10. Bxf5 exf5 11. f4 Be6 12. Nf3 Nc6 13. b4 a6 14. Na4 b6 15. Bd2
Na7 16. O-O Qd7 17. Nb2 O-O-O 18. Rfc1 b5 19. Nd3 Qc6 20. Nc5 Rhg8 21. Be3 Kb8
22. Nd2 Bxc5 23. bxc5 Qd7 24. Rcb1 c6 25. a4 Qc7 26. axb5 axb5 27. Ra6 Bc8 28.
Rb6+ Bb7 29. Nb3 Nc8 30. Bd2 Nxb6 31. cxb6 Qe7 32. Nc5 Rd7 33. Bb4 Qd8 34. Ra1
Kc8 35. Ra7 Qxb6 36. Qa3 Rgd8 37. c3 Kb8 38. Nxd7+ Rxd7 39. Bc5 Qd8 40. Bd6+
Rxd6 41. Qxd6+ Qxd6 42. exd6 1-0

[Event "17. Obert Int. Sant Marti 2015 - B"]
[Site "Barcelona ESP"]
[Date "2015.07.14"]
[Round "2.55"]
[White "Pascual Gonzalez-Novelles, David"]
[Black "Castilla Casanova, Víctor"]
[Result "1/2-1/2"]
[WhiteElo "1869"]
[BlackElo "1713"]
[PlyCount "35"]
[EventDate "2015.07.13"]
[EventType "swiss"]
[EventRounds "9"]
[EventCountry "ESP"]
[SourceTitle "Ajedrez en Madrid"]
[Source "lmi"]
[SourceDate "2015.07.13"]
[SourceVersion "1"]
[SourceVersionDate "2019.06.21"]
[SourceQuality "1"]

1. e4 e5 2. Nf3 Nc6 3. Bc4 Nf6 4. Nc3 Nxe4 5. Bxf7+ Kxf7 6. Nxe4 d5 7. Neg5+
Kg8 8. d4 h6 9. Nh3 e4 10. Ne5 Qf6 11. Nxc6 Qxc6 12. Nf4 Bd6 13. O-O Kh7 14. f3
Bf5 15. c3 Rae8 16. Be3 Rhf8 17. Qd2 b6 18. Ne2 1/2-1/2

[Event "17. Obert Int. Sant Marti 2015 - B"]
[Site "Barcelona ESP"]
[Date "2015.07.14"]
[Round "2.56"]
[White "Bienvenido Kleque, Jose"]
[Black "Mas Sayos, Lluis"]
[Result "1-0"]
[WhiteElo "1717"]
[BlackElo "1863"]
[PlyCount "129"]
[EventDate "2015.07.13"]
[EventType "swiss"]
[EventRounds "9"]
[EventCountry "ESP"]
[SourceTitle "Ajedrez en Madrid"]
[Source "lmi"]
[SourceDate "2015.07.13"]
[SourceVersion "1"]
[SourceVersionDate "2019.06.21"]
[SourceQuality "1"]

1. Nf3 Nf6 2. b3 g6 3. Bb2 Bg7 4. e3 O-O 5. d4 d5 6. c4 c6 7. Nbd2 Bf5 8. Be2
Na6 9. a3 Nc7 10. O-O Re8 11. Re1 Nd7 12. Nf1 c5 13. Qd2 Bg4 14. h3 Bxf3 15.
Bxf3 cxd4 16. exd4 e6 17. cxd5 Nxd5 18. Bxd5 exd5 19. Rxe8+ Qxe8 20. Re1 Qf8
21. b4 Rc8 22. Ne3 Bh6 23. Rc1 Nb6 24. Rxc8 Qxc8 25. Qc3 Qe6 26. Qd3 Na4 27.
Ba1 Qc6 28. Qc2 Qxc2 29. Nxc2 Bc1 30. Kf1 Kf8 31. Ke2 Ke7 32. Kd1 Bg5 33. Ne1
Kd6 34. Kc2 Kc6 35. Bc3 Kb5 36. Nf3 Bd8 37. Bd2 f6 38. Kb3 Nb6 39. g3 Nc4 40.
Bc1 Nd6 41. a4+ Kc6 42. Be3 b5 43. a5 a6 44. Kc3 Kd7 45. Ne1 Ke6 46. Nd3 Nb7
47. h4 h5 48. Nf4+ Kf5 49. Nxd5 Ke4 50. Nf4 Nd6 51. Ne6 Nb7 52. Nf4 Bc7 53.
Nxg6 Bxg3 54. fxg3 Kxe3 55. Nf4 Kf3 56. Nxh5 f5 57. Ng7 f4 58. gxf4 Kxf4 59.
Ne6+ Kg4 60. Nc5 Nd6 61. Nxa6 Kxh4 62. Nc7 Kg4 63. a6 Nc8 64. Nxb5 Kf4 65. a7
1-0

[Event "17. Obert Int. Sant Marti 2015 - B"]
[Site "Barcelona ESP"]
[Date "2015.07.14"]
[Round "2.57"]
[White "Espadero Roda, Francesc"]
[Black "Ortega Farrus, Alfonso"]
[Result "1-0"]
[WhiteElo "1862"]
[BlackElo "1704"]
[PlyCount "99"]
[EventDate "2015.07.13"]
[EventType "swiss"]
[EventRounds "9"]
[EventCountry "ESP"]
[SourceTitle "Ajedrez en Madrid"]
[Source "lmi"]
[SourceDate "2015.07.13"]
[SourceVersion "1"]
[SourceVersionDate "2019.06.21"]
[SourceQuality "1"]

1. d4 d5 2. c4 c6 3. e3 Nf6 4. Nc3 Bf5 5. Nf3 e6 6. Bd2 Be7 7. h3 h6 8. cxd5
exd5 9. Ne5 O-O 10. Be2 Nbd7 11. g4 Bh7 12. Qb3 Qb6 13. Bd1 Bd6 14. f4 Bxe5 15.
fxe5 Ne4 16. Bc2 Qxb3 17. Bxb3 Ng5 18. Ke2 Rfe8 19. h4 Ne4 20. Nxe4 Bxe4 21.
Rhf1 f6 22. Rf4 Kh7 23. Rxe4 dxe4 24. e6 Nb6 25. Kf2 Nd5 26. Kg3 Rxe6 27. Rf1
Re7 28. Rf5 Rd8 29. g5 fxg5 30. hxg5 hxg5 31. Rxg5 Rf7 32. Bd1 g6 33. Re5 Rdf8
34. Rxe4 Rf2 35. Bc3 Rf1 36. Be2 R1f7 37. a3 Kg7 38. Bg4 Nf6 39. Re5 Nxg4 40.
Kxg4 Kg8 41. Bb4 Rd8 42. Be7 Rd5 43. Re6 Kg7 44. Bg5 Rdf5 45. e4 Rf2 46. e5
Rg2+ 47. Kh4 Rxb2 48. Re8 Re2 49. Bf6+ Rxf6 50. exf6+ 1-0

[Event "17. Obert Int. Sant Marti 2015 - B"]
[Site "Barcelona ESP"]
[Date "2015.07.14"]
[Round "2.58"]
[White "Jimenez Rimblas, Raul"]
[Black "Gomez Guinovart, Josep Manel"]
[Result "0-1"]
[WhiteElo "1708"]
[BlackElo "1861"]
[PlyCount "46"]
[EventDate "2015.07.13"]
[EventType "swiss"]
[EventRounds "9"]
[EventCountry "ESP"]
[SourceTitle "Ajedrez en Madrid"]
[Source "lmi"]
[SourceDate "2015.07.13"]
[SourceVersion "1"]
[SourceVersionDate "2019.06.21"]
[SourceQuality "1"]

1. e4 e6 2. Nc3 d5 3. exd5 exd5 4. d4 c6 5. Nf3 Bd6 6. Bd3 Bg4 7. h3 Bh5 8. O-O
Ne7 9. Be2 O-O 10. Ng5 Bg6 11. Bd3 Nd7 12. f4 Bxd3 13. Qxd3 Nf6 14. Be3 Qd7 15.
Rae1 Rae8 16. Na4 Qc7 17. c4 dxc4 18. Qc3 Ned5 19. Qc2 Rxe3 20. Rxe3 Nxe3 21.
Qf2 Nxf1 22. Qxf1 Bxf4 23. Nc5 Bxg5 0-1

[Event "17. Obert Int. Sant Marti 2015 - B"]
[Site "Barcelona ESP"]
[Date "2015.07.14"]
[Round "2.59"]
[White "Fungueiriño Pique, Daniel"]
[Black "Romano Cases, Jordi"]
[Result "1-0"]
[WhiteElo "1859"]
[BlackElo "1700"]
[PlyCount "71"]
[EventDate "2015.07.13"]
[EventType "swiss"]
[EventRounds "9"]
[EventCountry "ESP"]
[SourceTitle "Ajedrez en Madrid"]
[Source "lmi"]
[SourceDate "2015.07.13"]
[SourceVersion "1"]
[SourceVersionDate "2019.06.21"]
[SourceQuality "1"]

1. d4 Nf6 2. Nf3 e6 3. e3 d5 4. Bd3 Nc6 5. Ne5 Be7 6. O-O O-O 7. Nd2 Re8 8. f4
g6 9. Rf3 Bf8 10. Rh3 Ne7 11. Ndf3 Bg7 12. c3 b6 13. Ng5 Rf8 14. e4 Bb7 15.
Nexf7 Rxf7 16. e5 Nh5 17. Rxh5 h6 18. Nxf7 Kxf7 19. Rh3 Nf5 20. Bxf5 exf5 21.
Bd2 Qe7 22. Be1 Qe6 23. Re3 Rd8 24. Bh4 Rd7 25. Qe2 Bf8 26. Re1 c5 27. Qf2 Be7
28. Bf6 Bxf6 29. exf6 Qxf6 30. Re6 Qxe6 31. Rxe6 Kxe6 32. dxc5 bxc5 33. Qxc5
Ba6 34. Qc6+ Rd6 35. Qe8+ Kf6 36. Qe5+ 1-0

[Event "17. Obert Int. Sant Marti 2015 - B"]
[Site "Barcelona ESP"]
[Date "2015.07.14"]
[Round "2.60"]
[White "Beltran Vidal, Daniel"]
[Black "Bernat Mor, Juli"]
[Result "1-0"]
[WhiteElo "1852"]
[BlackElo "1687"]
[PlyCount "103"]
[EventDate "2015.07.13"]
[EventType "swiss"]
[EventRounds "9"]
[EventCountry "ESP"]
[SourceTitle "Ajedrez en Madrid"]
[Source "lmi"]
[SourceDate "2015.07.13"]
[SourceVersion "1"]
[SourceVersionDate "2019.06.21"]
[SourceQuality "1"]

1. d4 d5 2. Bf4 c6 3. e3 Bf5 4. Nf3 h6 5. Nbd2 Nf6 6. Be2 e6 7. O-O Bb4 8. c3
Ba5 9. Ne5 O-O 10. Ndf3 Nbd7 11. Bd3 Bxd3 12. Qxd3 Nh5 13. Rfe1 Nxf4 14. exf4
Nxe5 15. Nxe5 f5 16. Qh3 Rf6 17. Re2 Qe7 18. Qg3 Qe8 19. Rae1 Rd8 20. Qh4 Bc7
21. g3 Rd6 22. Qh3 Bb6 23. Nf3 Qg6 24. Ne5 Qh7 25. Qf1 h5 26. h4 g6 27. Re3 c5
28. Nf3 Qe7 29. Re5 c4 30. Ng5 Kf8 31. R1e2 Ke8 32. Qg2 Kd7 33. Qf1 Bc7 34. Qd1
Ra6 35. Rxd5+ exd5 36. Rxe7+ Kxe7 37. Qe2+ Kd7 38. a3 Rab6 39. Nf3 Rfe6 40.
Ne5+ Bxe5 41. fxe5 Ra6 42. Qf3 Ra5 43. Qf4 b5 44. Qh6 b4 45. axb4 Ra2 46. Qh7+
Re7 47. Qxg6 Rxb2 48. Qd6+ Ke8 49. Qxd5 Rb1+ 50. Kg2 f4 51. Qe4 fxg3 52. Qxb1
1-0

[Event "17. Obert Int. Sant Marti 2015 - B"]
[Site "Barcelona ESP"]
[Date "2015.07.14"]
[Round "2.61"]
[White "Navarro Oliva, Ivan Tomás"]
[Black "Garcia Gil, Jose Antonio"]
[Result "0-1"]
[WhiteElo "1686"]
[BlackElo "1852"]
[PlyCount "126"]
[EventDate "2015.07.13"]
[EventType "swiss"]
[EventRounds "9"]
[EventCountry "ESP"]
[SourceTitle "Ajedrez en Madrid"]
[Source "lmi"]
[SourceDate "2015.07.13"]
[SourceVersion "1"]
[SourceVersionDate "2019.06.21"]
[SourceQuality "1"]

1. e4 d6 2. Nf3 Nf6 3. Nc3 g6 4. Bc4 Bg7 5. b3 c6 6. Bb2 b5 7. Be2 O-O 8. d3 e5
9. Qd2 Ng4 10. Nd1 a5 11. h3 Nf6 12. Ne3 Re8 13. Nh2 d5 14. exd5 cxd5 15. Neg4
d4 16. Nh6+ Kf8 17. a4 b4 18. Qg5 Qc7 19. Rc1 Nc6 20. O-O Ne7 21. Bf3 Ra6 22.
Rfe1 Neg8 23. Nxg8 Nxg8 24. Qg3 Bh6 25. Rb1 Bf4 26. Qh4 f5 27. g3 g5 28. Qh5
Rh6 29. gxf4 Rxh5 30. Bxh5 Re6 31. fxe5 Rh6 32. Bd1 Rxh3 33. Bxd4 Bb7 34. f3 h5
35. Rf1 Ke8 36. Rc1 Qc6 37. Kg2 g4 38. c3 Qd5 39. Bf2 Qxd3 40. cxb4 Qd2 41. Rc4
axb4 42. Rd4 Qg5 43. Rxb4 Bc6 44. Be2 Qd2 45. Rb8+ Kd7 46. Bb5 Bxb5 47. Rxb5
Qf4 48. Rh1 Ne7 49. a5 Nc6 50. a6 Nxe5 51. Rxe5 Qxe5 52. a7 Qh8 53. b4 h4 54.
Rd1+ Kc6 55. Bd4 Qd8 56. Rc1+ Kb5 57. Bc5 Qd2+ 58. Bf2 Rg3+ 59. Kf1 Qxc1+ 60.
Be1 Rg1+ 61. Kxg1 Qxe1+ 62. Nf1 Qa1 63. fxg4 fxg4 0-1

[Event "17. Obert Int. Sant Marti 2015 - B"]
[Site "Barcelona ESP"]
[Date "2015.07.14"]
[Round "2.62"]
[White "Bernat Pascual, Magí"]
[Black "Perez Serrallonga, Maxima"]
[Result "1-0"]
[WhiteElo "1850"]
[BlackElo "1655"]
[PlyCount "87"]
[EventDate "2015.07.13"]
[EventType "swiss"]
[EventRounds "9"]
[EventCountry "ESP"]
[SourceTitle "Ajedrez en Madrid"]
[Source "lmi"]
[SourceDate "2015.07.13"]
[SourceVersion "1"]
[SourceVersionDate "2019.06.21"]
[SourceQuality "1"]

1. d4 d5 2. c4 dxc4 3. Nf3 Nf6 4. Nc3 h6 5. Bf4 Nd5 6. Nxd5 Qxd5 7. Bxc7 e6 8.
a3 Bd7 9. e3 b6 10. Qd2 Bb5 11. Rc1 Na6 12. Bf4 Be7 13. Ne5 O-O 14. Nxc4 Rac8
15. Ne5 Bxf1 16. Rxc8 Rxc8 17. Kxf1 Nc7 18. f3 Qb5+ 19. Kf2 Nd5 20. Bg3 a5 21.
Nd3 Qa4 22. Rc1 Re8 23. Nf4 Qd7 24. Nxd5 exd5 25. Rc7 Qe6 26. Qc3 Bd6 27. Bxd6
Qxd6 28. Rc6 Qxh2 29. Rxb6 Qh4+ 30. Kg1 Qg5 31. Kf2 Qh4+ 32. Kg1 Qg5 33. Qd2
Qd8 34. Rc6 a4 35. Rc3 Qd6 36. Qc2 f6 37. Qxa4 Qg3 38. Qxe8+ Kh7 39. Rc1 Qg5
40. a4 Qf5 41. Qe7 Qd3 42. Rc7 Qb1+ 43. Kh2 Qg6 44. a5 1-0

[Event "17. Obert Int. Sant Marti 2015 - B"]
[Site "Barcelona ESP"]
[Date "2015.07.14"]
[Round "2.63"]
[White "Blanes Gay, Sir Nil"]
[Black "Branca, Colin"]
[Result "0-1"]
[WhiteElo "1679"]
[BlackElo "1850"]
[PlyCount "66"]
[EventDate "2015.07.13"]
[EventType "swiss"]
[EventRounds "9"]
[EventCountry "ESP"]
[SourceTitle "Ajedrez en Madrid"]
[Source "lmi"]
[SourceDate "2015.07.13"]
[SourceVersion "1"]
[SourceVersionDate "2019.06.21"]
[SourceQuality "1"]

1. e4 e6 2. d4 d5 3. e5 c5 4. c3 Nc6 5. Nf3 Qb6 6. b3 Nh6 7. Be2 Nf5 8. Be3
cxd4 9. cxd4 Bb4+ 10. Nbd2 Nfxd4 11. O-O Nxe2+ 12. Qxe2 Qd8 13. Qd3 Be7 14. a3
O-O 15. g3 f6 16. h4 Nxe5 17. Qc2 Nxf3+ 18. Nxf3 e5 19. g4 Bxg4 20. Nh2 Bh3 21.
Rfd1 d4 22. b4 Rc8 23. Qd2 Qe8 24. Bh6 Qg6+ 25. Bg5 fxg5 26. h5 Qe4 27. f3 Qc2
28. Qxc2 Rxc2 29. Ng4 Bxg4 30. fxg4 Rff2 31. Re1 Rg2+ 32. Kh1 Rce2 33. Rg1 Rh2#
0-1